نفو ش آ و ا ز (Record no. 165641)

MARC details
000 -LEADER
fixed length control field 00659nam a22001937a 4500
005 - DATE AND TIME OF LATEST TRANSACTION
control field 20190625163456.0
010 ## - LCCN (DPL NO)
LC control number UR-10244
020 ## - INTERNATIONAL STANDARD BOOK NUMBER
Terms of availability 400.00
International Standard Book Number 9789388356428
035 ## - SYSTEM CONTROL NUMBER
System control number U-8799
037 ## - SOURCE OF ACQUISITION
Source of stock number/acquisition DBAD/PUB
082 ## - DEWEY DECIMAL CLASSIFICATION NUMBER
Classification number 070
100 ## - MAIN ENTRY--PERSONAL NAME
Personal name مر تبہ:شگفتہ تبسم
245 ## - TITLE STATEMENT
Title نفو ش آ و ا ز
Statement of responsibility, etc مر تبہ:شگفتہ تبسم
246 ## - VARYING FORM OF TITLE
Remainder of title Nuqoosh-e-Aawaz(Urdu)
Title proper/short title by Sharif Ahmed Qureshi
260 ## - PUBLICATION, DISTRIBUTION, ETC. (IMPRINT)
Place of publication, distribution, etc Delhi
Name of publisher, distributor, etc Educational Publishing House
Date of publication, distribution, etc 2018 ء
270 ## - ADDRESS
Address 3191،Vakil Street,Kucha Pandit,Lal Kuan,
City Delhi
Postal code 110006
Telephone number 23216162
Fax number 00911123211540
300 ## - PHYSICAL DESCRIPTION
Extent 352ص
Dimensions 22 Cm(Hb)
942 ## - ADDED ENTRY ELEMENTS (KOHA)
Source of classification or shelving scheme Dewey Decimal Classification
Item type Urdu Bks
Classification part 070
Call number suffix ق ر ے
Holdings
Withdrawn status Lost status Not for loan Collection code Home library Current library Date acquired Source of acquisition Cost, normal purchase price Full call number Barcode Copy number Cost, replacement price Koha item type
    Not For Loan Non-fiction D.B.Act.Division D.B.Act.Division 25/06/2019 DBAD/PUB 400.00 070 ق ر ے U-8799 1 400.00 Urdu Bks

© Delhi Public Library
Hit Counter
free hit counter